000 00679nam a2200289Ia 4500
005 20260324125031.0
008 008 260324s9999 xx 000 0 eng d
020 _a9780429480225
037 _aEBOOK
040 _aCRL
040 _beng
040 _cCRL
041 _2eng
041 _aeng
084 _qCRL
100 _aBelinda Sharp; Vivienne Lewin
_91176436
245 0 _aSiblings in Development
245 2 _bA Psychoanalytic View
260 _bTaylor and Francis
260 _c2009
365 _a
365 _b180
856 _uhttp://www.taylorfrancis.com/books/9780429480225
942 _cEBOOK
999 _c1771344
_d1771344